000 00592nam a2200229Ia 4500
003 OSt
005 20220924124625.0
006 a|||||r|||| 00| 0
007 ta
008 TEL
024 _a329265
037 _cTextual
040 _aARTS
_cARTS
_bTEL
041 _2TEL
_aTEL
082 _aO111,2J64,51, 35K0
100 _aShakespeare William Au.
245 0 _aOthello
260 _aNew Delhi
_b Sahitya Akademi India
_c1960
650 _aENGLISH LITERATURE
942 _hO111,2J64,51, 35K0
_cTEXL
_2CC
999 _c420278
_d420278